Sehenswürdigkeiten Asiens - Statistiken

Allgemein
  • Dieses Quiz wurde 114 mal gespielt
  • Das Durchschnittsergebnis liegt bei 10 aus 15
Antwortstatistiken
Hint Antwort % Korrekt
Jordanien Petra
85%
Japan Fuji
84%
Vereinigte Arabische Emirate Burj Khalifa
81%
Kambodscha Angkor Wat
80%
Israel Grabeskirche
80%
Russland Baikalsee
79%
Jemen Altstadt von Sanaa
72%
Vietnam Halong-Bucht
64%
Singapur Marina Bay Sands
63%
Indonesien Komodo (Sundainseln)
61%
Iran Persepolis
61%
Usbekistan Samarkand
53%
Thailand War Phra Singh und Doi Suthep
51%
Indien Palast der Winde
41%
China Wolong Nature Reserve
33%
Keine übereinstimmenden Quizze gefunden
Verteilung der Resultate
Anzahl Personen mit jedem Resultat
Perzentil nach korrekt beantworteten Fragen
Ihre Resultats-Entwicklung
Sie haben dieses Quiz noch nicht gespielt